03530nam a2200553Ia 45000010005000000080041000050100009000460410014000550820013000692450110000822600018001923000007002105200007002176300021002246300024002456300016002696300028002856300027003136500027003406900014003677000030003817000040004119010049004519020006005009030038005069040018005449050023005629060006005859070014005919080014006059090039006199100015006589110010006739120014006839130009006979140025007069150019007319160009007509170009007599180014007689190034007825202101008169210007029179220007029249230006029319240014029379420010029519990015029616857241029s9999 xx 000 0 und d a6480 aEspañol aMGE-0056 0aModelo de Formación para la Capacitación del Personal Docente y Administrativo en Modalidad Virtual.  aSanto Domingo a84 a68 aAcompañamiento aEnseñanza Virtual aPedagogía aRecursos Tecnológicos aTecnología Educativa aCapacitación Docente aElaborado easesoraFuster , Marcela  eautoraCruz Bejarán , Rosa Maria  a{"1":"Cruz Bejarán "}b{"1":"Rosa Maria "} a1 a{"1":"Fuster "}b{"1":"Marcela "} aMaestría en aGerencia Educativa a2 aNO APLICA aNO APLICA aUniversidad Iberoamericana (UNIBE) aNULLbNULL a["1"] aNO APLICA aNULL a01 de Agosto de 2018 a07/11/19 12:11 aNULL aNULL aNO APLICA a["1","210","153","218","191"] aEl objetivo general de esta investigación, consistió en proponer un modelo de formación en modalidad virtual para la capacitación del personal docente y administrativo, en instituciones educativas. Se utilizó el método cualitativo. La población beneficiaria de esta propuesta fueron el personal docente y administrativo de centros educativos, con un total de 85 personas. Los resultados arrojaron los siguientes datos: sobre el acceso a computadoras en sus áreas de trabajo, treinta y seis docentes tienen acceso y nueve no lo tienen, mientras, la totalidad de los cuarenta empleados administrativos cuentan con esta herramienta en sus áreas de labores. El acceso a internet en el área de trabajo está hábil para treinta y ocho docentes, mientras siete respondieron que no tienen acceso. En el caso de los empleados administrativos, la totalidad de las cuarenta personas cuentan con conexión a la red. A las ochenta y cinco personas se les preguntó, si utilizan tecnología educativa en sus clases y/o áreas de trabajo, cuarenta y un docentes respondieron utilizarla y cuatro no la usan, mientras treinta y siete colaboradores administrativos admitieron hacer uso de la misma, frente a tres que no hacen uso de ese recurso. Se concluyó que en las instituciones estudiadas, el problema de implementación de tecnología no es de actitud, sino de formación y conocimiento. En el caso de los docentes y colaboradores administrativos, aun visualizan el hardware (equipos físicos) como uso de tecnología: proyector, computadora, bocinas, celulares. No se evidenció un uso pedagógico e intencional de la misma para los docentes, aunque en sus intereses de formación, plantean aspectos puramente pedagógicos. Se recomendó estandarizar la estructura que deben tener los diferentes entornos virtuales que se vayan a utilizar. También utilizar la figura del acompañante virtual, cuya función es de seguimiento al trabajo que realiza el tutor dentro del entorno virtual y de dinamización de la institución, que se responsabilice del proceso.  a63 a63 a1 aNO APLICA cTesis c6480d6480